[Event "e2e4 Dublin Easter Masters"]
[Site "Dublin IRL"]
[Date "2012.04.08"]
[Round "6"]
[White "Christiansen, Johan-Sebastian"]
[Black "Eggleston, David J"]
[Result "0-1"]
[BlackTitle "FM"]
[WhiteElo "1938"]
[BlackElo "2327"]
[WhiteFideId "1512668"]
[BlackFideId "412120"]
[EventDate "2012.04.05"]

1. c4 b6 2. Nc3 Bb7 3. Nf3 Nf6 4. d4 e6 5. g3 Bb4 6. Qc2 Be4 7. Qd2 d5 8. a3
Bxc3 9. Qxc3 c5 10. Bg2 Nc6 11. dxc5 d4 12. Qd2 bxc5 13. O-O O-O 14. b4 e5 15.
Bb2 Re8 16. Rfd1 Rb8 17. e3 Bxf3 18. Bxf3 e4 19. Bg2 d3 20. b5 Ne5 21. Qc3 Qd7
22. Qxe5 Rxe5 23. Bxe5 Re8 24. Bxf6 gxf6 25. Rd2 Qc7 26. Rad1 h5 27. f3 f5 28.
fxe4 fxe4 29. Rf2 Qa5 30. Rdf1 d2 31. Rd1 Qxa3 32. Rdxd2 Qxe3 33. Rd7 f5 34. Bh3
f4 35. Bf5 f3 36. Bg6 Re5 37. Rxa7 Qe1+ 38. Rf1 f2+ 39. Kg2 e3 40. Bd3 e2 41.
Bxe2 Rxe2 42. b6 Rb2 43. b7 Qe4+ 0-1

[Event "e2e4 Dublin Easter Masters"]
[Site "Dublin IRL"]
[Date "2012.04.08"]
[Round "6"]
[White "Walton, Alan J"]
[Black "Longson, Alexander"]
[Result "1/2-1/2"]
[WhiteTitle "CM"]
[WhiteElo "2159"]
[BlackElo "2267"]
[WhiteFideId "409898"]
[BlackFideId "408093"]
[EventDate "2012.04.05"]

1. d4 d5 2. c4 e6 3. Nc3 c6 4. Nf3 Nf6 5. Bg5 h6 6. Bh4 dxc4 7. e4 g5 8. Bg3 b5
9. Be2 Bb7 10. h4 g4 11. Ne5 h5 12. b3 Bb4 13. Rc1 Nxe4 14. Bxg4 Nxc3 15. Qf3
Ne4+ 16. Ke2 Nf6 17. Bh3 Qxd4 18. Kf1 Be7 19. bxc4 Qe4 20. Qb3 b4 21. Re1 Qd4
22. Nxf7 Kxf7 23. Bxe6+ Kf8 24. Be5 Qd2 25. Qf3 Qh6 26. Rh3 Na6 1/2-1/2

[Event "e2e4 Dublin Easter Masters"]
[Site "Dublin IRL"]
[Date "2012.04.08"]
[Round "6"]
[White "Firstov, Juri"]
[Black "Bjerke, Silje"]
[Result "1/2-1/2"]
[BlackTitle "WIM"]
[WhiteElo "2264"]
[BlackElo "2238"]
[WhiteFideId "4501233"]
[BlackFideId "1502786"]
[EventDate "2012.04.05"]

1. d4 d5 2. Nf3 Nf6 3. g3 g6 4. Bg2 Bg7 5. O-O O-O 6. c4 c6 7. b3 dxc4 8. bxc4
c5 9. Bb2 cxd4 10. Nxd4 Nbd7 11. Nd2 Nc5 12. Rc1 Nfd7 13. Qc2 Nb6 14. N2b3 Nxb3
15. Nxb3 Bf5 16. e4 Bxb2 17. Qxb2 Be6 18. Na5 Nd7 19. Qa3 Qc7 20. c5 Ne5 21. f4
Nc6 22. Nxc6 Qxc6 23. f5 gxf5 24. exf5 Bd5 25. Bxd5 Qxd5 26. c6 bxc6 27. Qxe7
Qd4+ 28. Rf2 Rae8 29. Qg5+ Kh8 30. f6 Rg8 31. Qc5 Re1+ 32. Kg2 Qe4+ 33. Kh3 Rxc1
34. Qxc1 Rg6 35. Qf4 Qxf4 36. Rxf4 Kg8 37. Rf5 Kf8 38. g4 h6 39. Ra5 Rxf6 40.
Rxa7 c5 41. a4 Rc6 42. Rb7 Ra6 43. Rc7 Rxa4 44. Rxc5 Kg7 45. Rf5 Kg6 46. Rf3 h5
47. gxh5+ Kxh5 48. Rxf7 Ra3+ 49. Kg2 Ra2+ 50. Kf3 Kg6 1/2-1/2

[Event "e2e4 Dublin Easter Masters"]
[Site "Dublin IRL"]
[Date "2012.04.08"]
[Round "6"]
[White "Redmond, John P."]
[Black "Mihajlov, Sebastian"]
[Result "1-0"]
[WhiteElo "2246"]
[BlackElo "2053"]
[WhiteFideId "2500051"]
[BlackFideId "1512110"]
[EventDate "2012.04.05"]

1. c4 c6 2. Nf3 d5 3. e3 Nf6 4. Nc3 e6 5. b3 Bd6 6. Bb2 Nbd7 7. Qc2 O-O 8. Be2
h6 9. O-O Qe7 10. d4 dxc4 11. Bxc4 e5 12. Nh4 Qd8 13. Nf5 Nb6 14. Nxd6 Qxd6 15.
dxe5 Qxe5 16. Nd5 Qd6 17. Nxf6+ gxf6 18. Qg6+ 1-0

[Event "e2e4 Dublin Easter Masters"]
[Site "Dublin IRL"]
[Date "2012.04.08"]
[Round "6"]
[White "Mihajlov, Svetoslav"]
[Black "McMahon, Daire"]
[Result "0-1"]
[BlackTitle "FM"]
[WhiteElo "2093"]
[BlackElo "2212"]
[WhiteFideId "1507168"]
[BlackFideId "2500477"]
[EventDate "2012.04.05"]

1. d4 Nf6 2. c4 e6 3. g3 Bb4+ 4. Bd2 a5 5. Qc2 Nc6 6. Nf3 d5 7. a3 Be7 8. cxd5
Qxd5 9. Nc3 Qh5 10. Bg2 O-O 11. h3 Rd8 12. g4 Qg6 13. Qxg6 hxg6 14. Nb5 Bd6 15.
O-O Bd7 16. Nxd6 cxd6 17. Bf4 Be8 18. b3 a4 19. b4 Nd5 20. Bg3 Nc3 21. Rfe1 Rac8
22. e3 Ne4 23. Bh2 Na7 24. Nh4 Bc6 25. f3 Nd2 26. g5 Nb5 27. Bf1 Nxf1 28. Kxf1
Bd5 29. Rec1 Bb3 30. Rxc8 Rxc8 31. Ng2 Rc2 32. Bg3 Bc4+ 33. Kg1 d5 34. Be1 Ra2
35. Rxa2 Bxa2 36. Bd2 Nxa3 37. Bc3 Nb5 38. Ba1 Bb1 39. Ne1 Kf8 40. Kf2 Ke8 41.
Ke2 Kd7 42. Kd2 Kc6 43. Kc1 Bf5 44. h4 Nd6 45. Kd2 Kb5 46. Kc3 Nc4 47. Ng2 b6
48. e4 dxe4 49. fxe4 Bxe4 50. Nf4 Ne3 51. h5 Nd5+ 52. Nxd5 exd5 53. hxg6 Bxg6
54. Bb2 Be4 55. Bc1 Kc6 56. Kd2 Kd7 57. Ke3 Bb1 58. Bb2 Kc6 59. Kd2 f5 60. gxf6
gxf6 61. Bc1 f5 62. Kc3 Kb5 63. Bf4 Ba2 64. Kb2 Bb3 65. Kc3 Bc4 66. Bc1 Ba2 67.
Kb2 Kxb4 68. Kxa2 Kc3 69. Be3 Kd3 70. Bg1 f4 71. Ka3 b5 72. Kb4 f3 0-1

[Event "e2e4 Dublin Easter Masters"]
[Site "Dublin IRL"]
[Date "2012.04.08"]
[Round "6"]
[White "Courtney, John"]
[Black "Rawell, Jon Egil"]
[Result "1/2-1/2"]
[WhiteElo "2132"]
[BlackElo "2035"]
[WhiteFideId "2502380"]
[BlackFideId "1510223"]
[EventDate "2012.04.05"]

1. d4 Nf6 2. c4 c5 3. d5 d6 4. Nc3 e6 5. e4 Be7 6. f4 exd5 7. cxd5 O-O 8. Be2
Re8 9. Nf3 a6 10. a4 h6 11. O-O Bf8 12. Qc2 Nbd7 13. Re1 g6 14. h3 Qc7 15. g4
Rb8 16. Bc4 Bg7 17. Be3 Nb6 18. Bf1 h5 19. g5 Nxe4 20. Nxe4 Bf5 21. Bd2 Nxd5 22.
Kh2 Rbc8 23. Bd3 Qc6 24. Nh4 c4 25. Nxf5 gxf5 26. Ng3 cxd3 27. Qxd3 Bxb2 28.
Rab1 Bh8 29. Rbc1 Nxf4 30. Bxf4 Qxa4 31. Rxe8+ Rxe8 32. Bxd6 h4 33. Nxf5 Bb2 34.
Nh6+ Kg7 35. Rf1 Qe4 36. Rxf7+ Kg6 37. Qxe4+ Rxe4 38. Rxb7 Re2+ 39. Kh1 Kxg5 40.
Ng4 Bd4 41. Be7+ Kh5 42. Bd8 Re1+ 43. Kg2 Rg1+ 44. Kh2 Rd1 45. Bf6 Rd2+ 46. Kh1
Rd1+ 47. Kg2 Rd2+ 48. Kf3 Bxf6 49. Nxf6+ Kg6 50. Ng4 Ra2 51. Ne3 Kg5 52. Rc7 Rh2
53. Rc5+ Kg6 54. Kg4 Re2 55. Rc6+ Kf7 56. Nf5 Re4+ 57. Kg5 Ra4 58. Rc7+ Ke6 59.
Re7+ Kd5 60. Nxh4 Ra3 61. Ng6 Rxh3 62. Nf4+ Kd6 63. Re6+ Kd7 64. Rxa6 Rg3+ 65.
Kf5 Rb3 66. Ke5 Rb1 67. Rd6+ Ke7 68. Nd5+ Kf7 69. Rd7+ Kg6 70. Nf4+ Kh6 71. Kf6
Rf1 72. Kf5 Rb1 73. Rd8 Kg7 74. Nh5+ Kf7 75. Rd7+ Ke8 76. Nf6+ Kf8 77. Ra7 Rf1+
78. Ke5 Re1+ 79. Ne4 Ke8 80. Kf5 Kf8 81. Kf6 Rxe4 1/2-1/2

[Event "e2e4 Dublin Easter Masters"]
[Site "Dublin IRL"]
[Date "2012.04.08"]
[Round "6"]
[White "Fox, Anthony"]
[Black "Salomon, Johan"]
[Result "1/2-1/2"]
[WhiteElo "2115"]
[BlackElo "1996"]
[WhiteFideId "2500736"]
[BlackFideId "1509500"]
[EventDate "2012.04.05"]

1. e4 c5 2. Nc3 g6 3. g3 Bg7 4. Bg2 Nc6 5. d3 d6 6. Be3 Nf6 7. h3 O-O 8. Nge2
Rb8 9. O-O b5 10. Qd2 b4 11. Nd1 a5 12. f4 Qc7 13. g4 Nd7 14. c3 Ba6 15. Rc1
bxc3 16. bxc3 a4 17. Nf2 Rb7 18. e5 Rfb8 19. exd6 exd6 20. Ne4 Rb2 21. Rc2 a3
22. Rfc1 Ne7 23. c4 Rxc2 24. Rxc2 Rb1+ 25. Rc1 Rb2 26. Rc2 Qb6 27. N2c3 f5 28.
Ng5 Bxc3 29. Qxc3 Qb4 30. Ne6 Qxc3 31. Rxc3 Rxa2 32. Nc7 Bc8 33. Nb5 Ra1+ 34.
Kf2 a2 35. Ra3 fxg4 36. Nxd6 gxh3 37. Bxh3 Nf6 38. Nxc8 Nxc8 39. Bxc5 Rh1 40.
Rxa2 Rxh3 41. Ra8 Rxd3 42. Rxc8+ Kf7 43. Ke2 Rg3 44. Bd4 Nh5 45. Rc7+ Ke6 46.
Rxh7 Nxf4+ 47. Kf2 Rg5 48. Rc7 1/2-1/2

[Event "e2e4 Dublin Easter Masters"]
[Site "Dublin IRL"]
[Date "2012.04.08"]
[Round "6"]
[White "Armstrong, Malcolm J"]
[Black "Korhonen, Pasi"]
[Result "1-0"]
[WhiteElo "2026"]
[BlackElo "2063"]
[WhiteFideId "409049"]
[BlackFideId "502146"]
[EventDate "2012.04.05"]

1. d4 Nf6 2. Nf3 e6 3. e3 b6 4. Bd3 Bb7 5. c4 c5 6. O-O Be7 7. Nc3 cxd4 8. exd4
O-O 9. Qe2 d5 10. b3 Nc6 11. Rd1 Rc8 12. Bb2 Nb4 13. Bb1 dxc4 14. bxc4 Bxf3 15.
gxf3 Re8 16. Ne4 Nh5 17. a3 Na6 18. Kh1 f5 19. Rg1 Nf4 20. Qe3 Ng6 21. Ng3 Bg5
22. Qb3 Bf4 23. Bd3 Nc7 24. Rae1 Kh8 25. d5 Bh6 26. dxe6 Nf4 27. Bxf5 Ncxe6 28.
Bxe6 Nxe6 29. Nf5 Bf4 30. Nxg7 Nxg7 31. Bxg7+ Kg8 32. c5+ Re6 33. Qxe6# 1-0

[Event "e2e4 Dublin Easter Masters"]
[Site "Dublin IRL"]
[Date "2012.04.08"]
[Round "6"]
[White "Short, Philip M"]
[Black "Morriss, Pete"]
[Result "1-0"]
[WhiteTitle "FM"]
[WhiteElo "2282"]
[BlackElo "2006"]
[WhiteFideId "2500086"]
[BlackFideId "2500230"]
[EventDate "2012.04.05"]

1. d4 b5 2. e4 Bb7 3. Bd3 Nf6 4. Nd2 e6 5. Ngf3 a6 6. O-O c5 7. c3 d5 8. e5 Nfd7
9. Re1 Nc6 10. Nf1 Qb6 11. Be3 c4 12. Bc2 b4 13. Ng5 h6 14. Qh5 Nd8 15. Nxf7
Nxf7 16. Bg6 Nxe5 17. dxe5 Qc7 18. f4 bxc3 19. bxc3 Ba3 20. Rab1 O-O 21. Bc2 Nh8
22. Qg4 Qf7 23. Ng3 Bc8 24. Nh5 Be7 25. Bd4 g6 26. Re3 Kh7 27. Rh3 Bd7 28. Rb7
Bg5 29. Qxg5 1-0

[Event "e2e4 Dublin Easter Masters"]
[Site "Dublin IRL"]
[Date "2012.04.08"]
[Round "6"]
[White "Jackson, Carl"]
[Black "Madynski, Pawel"]
[Result "1-0"]
[WhiteElo "1982"]
[BlackElo "2128"]
[WhiteFideId "2502585"]
[BlackFideId "1108751"]
[EventDate "2012.04.05"]

1. e4 d5 2. exd5 Qxd5 3. Nf3 Nf6 4. d4 Bg4 5. Be2 e6 6. h3 Bh5 7. Nc3 Qd6 8. O-O
a6 9. Ne5 Bxe2 10. Nxe2 Nfd7 11. Nd3 Nb6 12. Bf4 Qd8 13. c4 Nxc4 14. Rc1 Nd6 15.
d5 exd5 16. Nc3 c6 17. Re1+ Be7 18. Nxd5 Nf5 19. Nc7+ Kf8 20. Nxa8 Nd7 21. Nc7
g5 22. Bh2 Kg7 23. Qg4 Bd6 24. Bxd6 Nxd6 25. Nf4 Qxc7 26. Qxg5+ Kf8 27. Qh6+ Kg8
28. Nh5 Nf5 29. Re8+ 1-0

[Event "e2e4 Dublin Easter Masters"]
[Site "Dublin IRL"]
[Date "2012.04.08"]
[Round "6"]
[White "Keogh, Eamon"]
[Black "Capitelli, Paolo"]
[Result "1-0"]
[WhiteElo "2002"]
[BlackElo "2122"]
[WhiteFideId "2500264"]
[BlackFideId "809330"]
[EventDate "2012.04.05"]

1. f4 d5 2. Nf3 e6 3. g3 Nf6 4. Bg2 c5 5. O-O Be7 6. d3 Nc6 7. e3 O-O 8. Qe2 Rb8
9. e4 d4 10. h3 b5 11. a4 b4 12. b3 Bb7 13. Bd2 Nd7 14. Be1 Re8 15. Nbd2 Bf8 16.
g4 f6 17. Bg3 Qc7 18. Rae1 Nb6 19. Qf2 Bd6 20. e5 fxe5 21. fxe5 Be7 22. Ne4 Nd5
23. Nf6+ Kh8 24. Nxe8 Rxe8 25. Ng5 Qc8 26. Nf7+ Kg8 27. Bxd5 exd5 28. Nd6 Bxd6
29. exd6 Rxe1 30. Qf7+ Kh8 31. Rxe1 1-0

[Event "e2e4 Dublin Easter Masters"]
[Site "Dublin IRL"]
[Date "2012.04.08"]
[Round "6"]
[White "Djuric, Olgica"]
[Black "Cafolla, Peter"]
[Result "1-0"]
[WhiteElo "1851"]
[BlackElo "2034"]
[WhiteFideId "943860"]
[BlackFideId "2500884"]
[EventDate "2012.04.05"]

1. d4 d5 2. c4 e6 3. Nc3 c5 4. Nf3 Nc6 5. cxd5 exd5 6. g3 Nf6 7. Bg2 Be7 8. dxc5
Bxc5 9. Bg5 d4 10. Ne4 Be7 11. Nxf6+ Bxf6 12. Bxf6 Qxf6 13. O-O O-O 14. Ne1 Bf5
15. Nd3 Rfe8 16. Re1 Rad8 17. Rc1 Be4 18. b4 Bxg2 19. Kxg2 Qe6 20. a4 Ne5 21.
Nxe5 Qxe5 22. Rc5 Qe4+ 23. f3 Qe3 24. Qc1 Qe7 25. Qc4 Rd7 26. a5 Qe3 27. Qc1
Qxc1 28. Rexc1 Kf8 29. Kf2 Re3 30. R5c4 Rb3 31. Rd1 d3 32. exd3 Rbxd3 33. Rxd3
Rxd3 34. Rc7 b5 35. Rxa7 Rb3 36. Rb7 Rxb4 37. a6 1-0

[Event "e2e4 Dublin Easter Masters"]
[Site "Dublin IRL"]
[Date "2012.04.08"]
[Round "6"]
[White "Harstad, Christian"]
[Black "O'Donnell, Conor"]
[Result "1-0"]
[WhiteElo "2029"]
[BlackElo "1804"]
[WhiteFideId "1504045"]
[BlackFideId "2504243"]
[EventDate "2012.04.05"]

1. d4 Nf6 2. c4 e6 3. Nc3 Bb4 4. f3 d5 5. a3 Bxc3+ 6. bxc3 c5 7. cxd5 Nxd5 8.
Qd3 b6 9. e4 Ba6 10. c4 Ne7 11. d5 exd5 12. exd5 O-O 13. Bb2 Nc8 14. Qc3 Qh4+
15. g3 Qh6 16. h4 Re8+ 17. Kf2 Nd6 18. g4 f6 19. Bc1 Qg6 20. h5 Qf7 21. Bf4 Nb7
22. Bd3 Nd7 23. Qc2 Nf8 24. Ne2 Rad8 25. Ng3 Nd6 26. Rae1 Rxe1 27. Rxe1 Bc8 28.
Nf5 Nxf5 29. Bxf5 Bxf5 30. Qxf5 Re8 31. Rxe8 Qxe8 32. h6 Qg6 33. Qxg6 hxg6 34.
hxg7 Kxg7 35. Ke3 Nd7 36. Ke4 Kf7 37. Bg3 Ke7 38. f4 Kd8 39. d6 Nf8 40. Bh4 Nh7
41. f5 g5 42. Be1 Kd7 43. Kd5 Nf8 44. Bc3 Nh7 45. Bb2 Nf8 46. Bxf6 Nh7 47. Bg7
a6 48. a4 a5 49. Ke5 b5 50. axb5 1-0

[Event "e2e4 Dublin Easter Masters"]
[Site "Dublin IRL"]
[Date "2012.04.08"]
[Round "6"]
[White "Carlile, Orison"]
[Black "Alfredsen, John Rune"]
[Result "1/2-1/2"]
[WhiteElo "2048"]
[BlackElo "2077"]
[WhiteFideId "2504120"]
[BlackFideId "1507184"]
[EventDate "2012.04.05"]

1. e4 e5 2. Bc4 Nc6 3. Nc3 Bc5 4. Qg4 g6 5. Qf3 Nf6 6. Nge2 d6 7. d3 Bg4 8. Qg3
Be6 9. Bg5 Nh5 10. Qh4 Qd7 11. Ng3 Ng7 12. Bf6 O-O 13. Bxg7 Kxg7 14. Nh5+ gxh5
15. Qg5+ 1/2-1/2

[Event "e2e4 Dublin Easter Masters"]
[Site "Dublin IRL"]
[Date "2012.04.08"]
[Round "6"]
[White "Roneid, Heidi"]
[Black "Loughran, John"]
[Result "0-1"]
[WhiteElo "1689"]
[BlackElo "1899"]
[WhiteFideId "1514431"]
[BlackFideId "2501562"]
[EventDate "2012.04.05"]

1. e4 e5 2. Nf3 Nc6 3. Bb5 a6 4. Ba4 Nf6 5. O-O Be7 6. Re1 b5 7. Bb3 d6 8. h3
O-O 9. c3 Na5 10. Bc2 c5 11. d4 Qc7 12. Nbd2 cxd4 13. cxd4 Nc6 14. d5 Nb4 15.
Bb1 a5 16. a3 Na6 17. b3 Bd7 18. Ra2 Rfc8 19. Rc2 Qb7 20. Nf1 b4 21. a4 Rxc2 22.
Bxc2 Rc8 23. N1d2 Qc7 24. Nc4 Nc5 25. Re2 Nxa4 26. Bd2 Nc5 27. Qa1 Bb5 28. Re1
Bxc4 29. bxc4 Bd8 30. Nh4 Nfxe4 31. Bxe4 Bxh4 32. Bf5 Rb8 33. g3 Bf6 34. Qb1 g6
35. Bg4 b3 36. f4 e4 37. Be3 Nd3 38. f5 Nxe1 39. Qxe4 Qe7 40. Qxe7 Bxe7 41. fxg6
hxg6 42. Bd4 Nc2 43. Bb2 a4 44. Bd1 a3 45. Bxa3 Nxa3 46. Bxb3 Rxb3 0-1

[Event "e2e4 Dublin Easter Masters"]
[Site "Dublin IRL"]
[Date "2012.04.08"]
[Round "7"]
[White "Williams, Simon K"]
[Black "Romero Holmes, Alfonso"]
[Result "1/2-1/2"]
[WhiteTitle "GM"]
[BlackTitle "GM"]
[WhiteElo "2506"]
[BlackElo "2501"]
[WhiteFideId "404454"]
[BlackFideId "2200066"]
[EventDate "2012.04.05"]

1. c4 e5 2. Nc3 Nf6 3. Nf3 Nc6 4. g3 d5 5. cxd5 Nxd5 6. d3 Be7 7. Bg2 Be6 8. O-O
O-O 9. Bd2 Qd7 10. Nxd5 Bxd5 11. Bc3 f6 12. Nd2 Rfd8 13. Bxd5+ Qxd5 14. Qb3 Qxb3
15. Nxb3 Rd5 16. f4 Re8 17. Kg2 Bb4 18. fxe5 Bxc3 19. bxc3 Nxe5 20. h3 b6 21.
Rf5 Rd7 22. Raf1 Nf7 23. R1f2 Rde7 24. Kf1 Ng5 25. h4 Nf7 26. Nd2 Nh6 27. R5f4
f5 28. e4 Ng4 29. Re2 g6 30. d4 c5 31. e5 Nf6 32. Rf3 cxd4 33. cxd4 Nd5 34. Nc4
Rc8 35. Ne3 Rd7 36. Rd2 Nxe3+ 37. Rxe3 Rd5 38. Ke2 Kf7 39. Ra3 Rc7 40. Kd3 Ke6
41. Rc3 Rxc3+ 42. Kxc3 Rd8 43. Kd3 Rc8 44. g4 Kd5 45. gxf5 gxf5 46. Ke3 Rc1 47.
Kf4 Rf1+ 48. Kg5 f4 49. Kh6 f3 50. h5 Rh1 51. Rf2 Kxd4 52. e6 Kd5 53. Rxf3 Kxe6
54. Ra3 a5 55. Rb3 Kd5 56. Rxb6 Kc5 57. Rb2 a4 58. Rg2 Kb4 59. Rg5 Rh2 60. Kxh7 1/2-1/2

[Event "e2e4 Dublin Easter Masters"]
[Site "Dublin IRL"]
[Date "2012.04.08"]
[Round "7"]
[White "Hebden, Mark L"]
[Black "Ernst, Sipke"]
[Result "1/2-1/2"]
[WhiteTitle "GM"]
[BlackTitle "GM"]
[WhiteElo "2514"]
[BlackElo "2578"]
[WhiteFideId "400084"]
[BlackFideId "1004689"]
[EventDate "2012.04.05"]

1. d4 d5 2. Nf3 c6 3. c4 Nf6 4. e3 Bg4 5. h3 Bh5 6. Nc3 e6 7. g4 Bg6 8. Ne5 Nbd7
9. Nxg6 hxg6 10. a3 Bd6 11. Qe2 dxc4 12. Bg2 e5 13. Qxc4 Nb6 14. Qb3 exd4 15.
exd4 O-O 16. Be3 Nfd5 17. O-O-O a5 18. Nxd5 cxd5 19. Kb1 a4 20. Qb5 Ra6 21. Bxd5
Nxd5 22. Qxd5 Rb6 23. Rd2 Bxa3 24. Qxd8 Rxd8 25. Rc1 Bd6 26. Ka2 Kf8 27. Rc4 Rb4
28. Rc3 Rb5 29. Rc4 Ra8 30. d5 a3 31. b3 Ke7 32. Bf4 Kd7 33. g5 Rh8 34. h4 Ra5
35. Bxd6 Kxd6 36. Rf4 Rf8 37. b4 Rxd5 38. Rxd5+ Kxd5 39. Kxa3 b5 40. Kb3 f5 41.
Kc3 Rc8+ 42. Kd3 Ke5 43. Rd4 Rc1 44. f4+ Ke6 45. Ke3 Rc3+ 46. Kf2 Rh3 47. Rd8
Rb3 48. Rb8 Rxb4 49. Rb7 Rxf4+ 50. Kg3 Rg4+ 51. Kh3 b4 52. Rxg7 Kd5 53. Rxg6 b3
54. Rf6 Rb4 55. g6 b2 56. g7 Rg4 57. Rxf5+ Ke4 58. Rb5 Rxg7 59. Rxb2 Kf5 60. Rb6 1/2-1/2

[Event "e2e4 Dublin Easter Masters"]
[Site "Dublin IRL"]
[Date "2012.04.08"]
[Round "7"]
[White "Kvisvik, Brede"]
[Black "Brady, Stephen"]
[Result "1-0"]
[WhiteTitle "FM"]
[BlackTitle "FM"]
[WhiteElo "2304"]
[BlackElo "2383"]
[WhiteFideId "1502999"]
[BlackFideId "2500124"]
[EventDate "2012.04.05"]

1. d4 Nf6 2. c4 e6 3. g3 d5 4. Nf3 Be7 5. Bg2 O-O 6. O-O c6 7. Qc2 Nbd7 8. Rd1
b6 9. Nc3 Ba6 10. Ne5 Qc8 11. Qa4 Nxe5 12. dxe5 Nd7 13. cxd5 cxd5 14. e4 Nc5 15.
Qd4 dxe4 16. Nxe4 Nxe4 17. Qxe4 Rb8 18. Qg4 Rd8 19. Bh6 Bf8 20. Rac1 Rxd1+ 21.
Qxd1 Qd8 22. Be3 Rc8 23. Qxd8 Rxd8 24. Be4 Rd7 25. Kg2 f5 26. exf6 gxf6 27. Bc6
Bb7 28. Bxb7 Rxb7 29. Rc8 Kf7 30. a4 Bd6 31. h4 Rb8 32. Rxb8 Bxb8 33. b4 h5 34.
f3 f5 35. Kh3 e5 36. Bg5 a6 37. b5 axb5 38. axb5 Bd6 39. g4 hxg4+ 40. fxg4 f4
41. Bd8 Bc5 42. Bc7 Kf6 43. Kg2 Ke6 44. h5 Be3 45. h6 e4 46. h7 f3+ 47. Kg3 Bd4
48. Bxb6 Be5+ 49. Kf2 Bf6 50. g5 Bg7 51. Be3 Kf7 52. b6 Be5 53. b7 1-0

[Event "e2e4 Dublin Easter Masters"]
[Site "Dublin IRL"]
[Date "2012.04.08"]
[Round "7"]
[White "Valeanu, Eduard-Andrei"]
[Black "Quinn, Mark"]
[Result "1-0"]
[BlackTitle "IM"]
[WhiteElo "2461"]
[BlackElo "2398"]
[WhiteFideId "1212168"]
[BlackFideId "2500450"]
[EventDate "2012.04.05"]

1. e4 c5 2. Nf3 Nc6 3. Bb5 d6 4. Bxc6+ bxc6 5. O-O Bg4 6. h3 Bh5 7. Re1 e6 8. d3
Ne7 9. Nbd2 Nc8 10. b3 Be7 11. Bb2 O-O 12. Nf1 Nb6 13. Ng3 Bg6 14. d4 c4 15. Qe2
Rb8 16. Bc3 cxb3 17. axb3 Qc7 18. Ra5 Nd7 19. Rea1 Rb7 20. Nf5 Bd8 21. N5h4 d5
22. Nxg6 hxg6 23. Bd2 Nf6 24. e5 Ne4 25. b4 f6 26. Be1 Be7 27. c3 Rf7 28. Qa2
Bd8 29. Ra6 Qd7 30. Qc2 f5 31. Nh2 Ng5 32. Bd2 Nh7 33. Qa4 Rc7 34. Nf3 g5 35.
Ne1 g4 36. hxg4 fxg4 37. Qd1 g3 38. fxg3 Ng5 39. Bxg5 Bxg5 40. Qe2 Rf5 41. Nd3
Be7 42. g4 Rf8 43. Qe3 Rf7 44. g3 Qd8 45. Qe2 Bg5 46. Nc5 Qc8 47. Kg2 Be7 48.
Nd3 Bd8 49. Nf4 Bg5 50. Ng6 Qe8 51. Rh1 Bh6 52. Qd3 Rc8 53. Rh5 Rcc7 54. Ra1 Rb7
55. Rah1 a5 56. g5 Rf5 57. Nf4 axb4 58. gxh6 g5 59. h7+ Kh8 60. Qa6 Rg7 61. Nxe6
Rg6 62. Nc7 Qe7 63. Nxd5 1-0

[Event "e2e4 Dublin Easter Masters"]
[Site "Dublin IRL"]
[Date "2012.04.08"]
[Round "7"]
[White "Eggleston, David J"]
[Black "Nemeth, Miklos1"]
[Result "0-1"]
[WhiteTitle "FM"]
[BlackTitle "IM"]
[WhiteElo "2327"]
[BlackElo "2452"]
[WhiteFideId "412120"]
[BlackFideId "720232"]
[EventDate "2012.04.05"]

1. e4 e5 2. Nf3 Nc6 3. Bc4 Bc5 4. c3 Qe7 5. O-O d6 6. d4 Bb6 7. d5 Nb8 8. Bd3
Nf6 9. a4 c6 10. a5 Bc7 11. c4 O-O 12. Nc3 Na6 13. Be3 h6 14. h3 Nh5 15. Re1 Qf6
16. Bf1 Bd8 17. c5 Nxc5 18. a6 Bb6 19. axb7 Bxb7 20. Bxc5 Bxc5 21. Ba6 Bxa6 22.
Rxa6 Qg6 23. Ne2 Qxe4 24. Ng3 Qc4 25. Nxh5 Qxa6 26. b4 Bb6 27. dxc6 Qa2 28. Re2
Qc4 29. b5 Rfe8 30. Nd2 Qh4 31. Re4 Qxf2+ 32. Kh2 f5 33. Re2 Qd4 34. Qf1 Rf8 35.
Nf3 Qc4 36. Qd1 Rad8 37. Rc2 Qf7 38. Nh4 d5 39. c7 Bxc7 40. Rc6 Rd6 41. Nxf5
Rxc6 42. Qg4 Rg6 43. Ne7+ Qxe7 44. Qxg6 e4+ 45. g3 Qf7 46. Nf6+ Qxf6 47. Qxg7+
Kxg7 48. b6 Qf2+ 49. Kh1 Bxg3 50. bxa7 Qf1# 0-1

[Event "e2e4 Dublin Easter Masters"]
[Site "Dublin IRL"]
[Date "2012.04.08"]
[Round "7"]
[White "Sowray, Peter J"]
[Black "Collins, Sam E."]
[Result "0-1"]
[WhiteTitle "FM"]
[BlackTitle "IM"]
[WhiteElo "2375"]
[BlackElo "2439"]
[WhiteFideId "400971"]
[BlackFideId "2501198"]
[EventDate "2012.04.05"]

1. e4 e5 2. Nf3 Nc6 3. Bb5 Bc5 4. O-O Nf6 5. Nxe5 Nxe5 6. d4 a6 7. Be2 Nxe4 8.
dxc5 Nxc5 9. Qd4 d6 10. f4 Ng6 11. Qxg7 Bf5 12. Qd4 Qe7 13. Nc3 O-O-O 14. Be3
Nh4 15. b4 Rhg8 16. g3 Rde8 17. Bf2 Na4 18. Nxa4 Qxe2 19. Qf6 Nf3+ 20. Kg2 Qe4 0-1

[Event "e2e4 Dublin Easter Masters"]
[Site "Dublin IRL"]
[Date "2012.04.08"]
[Round "7"]
[White "Bae, Torstein"]
[Black "Gourlay, Iain"]
[Result "1/2-1/2"]
[WhiteTitle "IM"]
[BlackTitle "FM"]
[WhiteElo "2413"]
[BlackElo "2351"]
[WhiteFideId "1501887"]
[BlackFideId "2401533"]
[EventDate "2012.04.05"]

1. e4 c5 2. Nf3 e6 3. d4 cxd4 4. Nxd4 Nc6 5. Nc3 Qc7 6. Be2 a6 7. O-O Nf6 8. Be3
Bb4 9. Na4 Be7 10. Nxc6 bxc6 11. Nb6 Rb8 12. Nxc8 Qxc8 13. Bd4 Qc7 14. e5 Nd5
15. b3 c5 16. Bb2 a5 17. a4 O-O 18. Re1 f6 19. Bd3 Nb4 20. Bb5 Nc6 21. Qd2 fxe5
22. Bxc6 Qxc6 23. Bxe5 Rb7 24. Qxa5 c4 25. Qc3 Bb4 26. Qg3 d6 27. Bc3 cxb3 28.
Bxb4 b2 29. Rab1 Rxb4 30. Qd3 e5 31. Red1 Rc8 32. h3 d5 33. c3 Rb3 34. Qd2 Rcb8
35. Kh2 h6 36. Qxd5+ Qxd5 37. Rxd5 Rxc3 38. Rd2 Rcb3 39. Re2 R8b4 40. a5 Rb5 41.
a6 Kf7 42. a7 Ra5 43. Rexb2 Rxb2 44. Rxb2 Rxa7 45. Rb6 Ra3 46. h4 Rc3 47. h5 e4
48. Rb4 Rc5 49. g4 Re5 50. Rb1 Kf6 51. Kg3 Rc5 52. Kf4 Rc4 53. Rb6+ Kf7 54. Ke3
Ke7 55. Rg6 Kf7 56. Rd6 Ra4 57. Rd4 Ra1 58. Kxe4 Kf6 59. Kf4 Ra6 60. Rb4 Rc6 61.
Kg3 Rc3+ 62. f3 Rc6 63. Rf4+ Ke7 64. Rf5 Rc4 65. f4 Rc3+ 66. Kh4 Rc1 67. Re5+
Kf6 68. Re3 Rh1+ 69. Kg3 Rg1+ 70. Kf3 Rf1+ 71. Ke4 Rg1 72. Kf3 Rf1+ 73. Kg3 Rg1+
74. Kh4 Rh1+ 75. Rh3 Ra1 76. Rb3 Rg1 77. Rb6+ Kf7 78. Rg6 Rh1+ 79. Kg3 Rg1+ 80.
Kf3 Ra1 81. Rd6 Rg1 82. Rg6 Ra1 83. g5 hxg5 84. Rxg5 Rf1+ 85. Kg4 Rg1+ 86. Kf5
Rh1 87. Ke4 Re1+ 88. Kf3 Rf1+ 89. Kg3 Rg1+ 90. Kf2 Ra1 91. Rd5 Ra3 92. Re5 Kf6
93. Re3 Rxe3 94. Kxe3 g5 95. hxg6 Kxg6 96. Ke4 Kf6 97. f5 Kf7 98. Ke5 Ke7 99.
f6+ Kf7 100. Kf5 Kf8 101. Ke6 Ke8 102. f7+ Kf8 103. Kf6 1/2-1/2